Image, music, text / (Record no. 137022)

MARC details
000 -CABECERA
campo de control de longitud fija 01720nam a2200361 a 4500
001 - NÚMERO DE CONTROL
campo de control 991015728449706706
003 - IDENTIFICADOR DEL NÚMERO DE CONTROL
campo de control ES-BaIT
005 - FECHA Y HORA DE LA ÚLTIMA TRANSACCIÓN
campo de control 20260206080028.0
008 - DATOS DE LONGITUD FIJA--INFORMACIÓN GENERAL
campo de control de longitud fija 920622s1977 xxko || 001 ||eng|c
020 ## - NÚMERO INTERNACIONAL ESTÁNDAR DEL LIBRO
Número Internacional Estándar del Libro 0006861350
035 ## - NÚMERO DE CONTROL DEL SISTEMA
Número de control de sistema (ES-BaCBU).b13881176
035 ## - NÚMERO DE CONTROL DEL SISTEMA
Número de control de sistema (OCoLC)802641024
040 ## - FUENTE DE LA CATALOGACIÓN
Centro catalogador/agencia de origen ES-BaCBU
Lengua de catalogación cat
Centro/agencia transcriptor ES-BaCBU
041 1# - CÓDIGO DE LENGUA
Código de lengua del texto/banda sonora o título independiente eng
Código de lengua original fre
080 ## - NÚMERO DE LA CLASIFICACIÓN DECIMAL UNIVERSAL
Número de la Clasificación Decimal Universal 82.09
100 1# - ENTRADA PRINCIPAL--NOMBRE DE PERSONA
Nombre de persona Barthes, Roland
9 (RLIN) 6959
245 10 - MENCIÓN DE TÍTULO
Título Image, music, text /
Mención de responsabilidad, etc. Roland Barthes ; essays selected and translated by Stephen Heath
260 ## - PUBLICACIÓN, DISTRIBUCIÓN, ETC.
Lugar de publicación, distribución, etc. London :
Nombre del editor, distribuidor, etc. Fontana,
Fecha de publicación, distribución, etc. 1977
300 ## - DESCRIPCIÓN FÍSICA
Extensión 220 p., [8] p. de làm. :
Otras características físicas fot.
504 ## - NOTA DE BIBLIOGRAFÍA, ETC.
Nota de bibliografía, etc. Índex
505 8# - NOTA DE CONTENIDO CON FORMATO
Nota de contenido con formato Conté: Translator's Note -- Sources -- The Photographic Message -- Rhetoric of the Image -- The Third Meaning -- Research notes on some Eisenstein stills Diderot, Brecht, Eisenstein -- Introduction to the Structural Analysis of Narratives -- The Struggle with the Angel -- Textual analysis of Genesis 32: 22-32 -- The Death of the Author -- Musica Practica -- From Work to Text -- Change the Object Itself -- Mythology today Lesson in Writing -- The Grain of the Voice -- Writers, Intellectuals, Teachers -- Index
533 ## - NOTA DE REPRODUCCIÓN
Tipo de reproducción També disponible la versió en línia
650 07 - PUNTO DE ACCESO ADICIONAL DE MATERIA--TÉRMINO DE MATERIA
Término de materia o nombre geográfico como elemento de entrada Teatre
9 (RLIN) 57815
650 07 - PUNTO DE ACCESO ADICIONAL DE MATERIA--TÉRMINO DE MATERIA
Término de materia o nombre geográfico como elemento de entrada Literatura
Subdivisión general Filosofia
Fuente del encabezamiento o término lemac
9 (RLIN) 57151
650 #0 - PUNTO DE ACCESO ADICIONAL DE MATERIA--TÉRMINO DE MATERIA
Término de materia o nombre geográfico como elemento de entrada Literatura moderna
Subdivisión general Història i crítica
9 (RLIN) 72223
650 07 - PUNTO DE ACCESO ADICIONAL DE MATERIA--TÉRMINO DE MATERIA
Término de materia o nombre geográfico como elemento de entrada Semiòtica i literatura
9 (RLIN) 57721
700 1# - ENTRADA AGREGADA--NOMBRE PERSONAL
Nombre de persona Heath, Stephen
9 (RLIN) 24901
856 41 - LOCALIZACIÓN Y ACCESO ELECTRÓNICOS
Nota pública Accés lliure
Identificador Uniforme del Recurso <a href="https://monoskop.org/images/0/0a/Barthes_Roland_Image-Music-Text.pdf">https://monoskop.org/images/0/0a/Barthes_Roland_Image-Music-Text.pdf</a>
907 ## - ELEMENTOS DE DATOS G LOCAL, LDG (RLIN)
a .b13881176
b 18-03-20
c 07-05-08
d 22-06-92
e m
f a
g -
h eng
i xxk
j 0
k 3
908 ## - COLOCAR PARÁMETRO DE COMANDO (RLIN)
Colocar parámetro de comando UAB
-- UPF
-- FILMO
-- CDMAE
940 ## - EQUIVALENCIA O REFERENCIA-CRUZADA--TÍTULO UNIFORME [OBSOLETO] [solamente CAN/MARC]
Título uniforme <a href="UPF">UPF</a>
Fecha de la firma de un tratado CVA2
942 ## - ELEMENTOS DE ENTRADA AGREGADA (KOHA)
Fuente del sistema de clasificación o colocación Clasificación decimal universal
Tipo de ítem Koha Digital
Holdings
Estado de retiro Estado de pérdida Fuente del sistema de clasificación o colocación Estado dañado No para préstamo Localización permanente Ubicación/localización actual Ubicación en estantería Fecha de adquisición Fuente de adquisición Total de préstamos Signatura topográfica completa Código de barras Fecha visto por última vez Precio válido a partir de Tipo de ítem Koha
    Clasificación decimal universal     Biblioteca Barcelona Biblioteca Barcelona BCN Lliure Accés 06/02/2026 Compra   82.09 BAR 1900089713 06/02/2026 06/02/2026 Digital

Powered by Koha